000 01590nam a2200313 c 4500
003 BLK
005 20200313180555.0
008 180407b bul|||||r ||||||| ||bul||
010 _aKNG00032389000
020 _a954-649-082-2
_bиздат.: Сиела Софт енд Паблишинг
040 _aBLK
041 _aBUL
_cBUL
080 _aСпециална част на наказателното право. Видове наказуеми действия - Срещу собствена или чужда държава и управлението, политически престъпления,геноцид(прав.аспекти), наркотрафик, против мира, обществен
_b343.3/.7
_x(497.2)(042.3)
_z343.3/.7(497.2)(042.3)
100 1 _aСтойнов, Александър Иванов
_eпърви автор
_9363303
139 _aСтойнов, Александър Иванов
_bС 81
245 1 0 _aНаказателно право
_bОсобена част : Престъпления против собствеността
_cАлександър Иванов Стойнов.
257 _aBGR
260 София
_bСиела Софт енд Паблишинг
_c1997
300 _a124 с.
_c22 см
380 _a3
650 4 _aНаказателно право - България
_9242654
653 _aправо
653 _aнаказателно-процесуално право
852 _aЦб 193257
856 4 _qpdf
_u
856 4 _qpdf
_u
942 _cKNG
_n0
_01
944 _aCR
_c10.04.2003
_kКети_Илиева
944 _aED
_c04.01.2013
_k
999 _c29764
_d29764